Determination of value : Guidance on developing and supporting credible opinions

How to develop and support a credible opinion of value based on a foundational framework This book provides knowledge and guidance to valuation practitioners on achieving a new level of professionalism and credibility, as well as to those stakeholders in the valuation process in need of assessing th...

Täydet tiedot

Tallennettuna:
Bibliografiset tiedot
Päätekijä: Rosillo, Francisco
Aineistotyyppi: Kirja
Kieli:Undetermined
Julkaistu: Hoboken, New Jersey John Wiley & Sons Inc. 2013
Aiheet:
Tagit: Lisää tagi
Ei tageja, Lisää ensimmäinen tagi!
Thư viện lưu trữ: Trung tâm Học liệu Trường Đại học Cần Thơ
LEADER 01301nam a2200229Ia 4500
001 CTU_206771
008 210402s9999 xx 000 0 und d
020 |c 64.99 
082 |a 658.15 
082 |b R819 
100 |a Rosillo, Francisco 
245 0 |a Determination of value : 
245 0 |b Guidance on developing and supporting credible opinions 
245 0 |c Francisco Rosillo 
260 |a Hoboken, New Jersey 
260 |b John Wiley & Sons Inc. 
260 |c 2013 
520 |a How to develop and support a credible opinion of value based on a foundational framework This book provides knowledge and guidance to valuation practitioners on achieving a new level of professionalism and credibility, as well as to those stakeholders in the valuation process in need of assessing the credibility of an appraiser's work product for decision-making purposes. It introduces a well defined framework of key credibility concepts and procedures at each step of the appraisal process, including reasonableness tests, valuation methodologies, financial analysis, economic and industry analysis, engagement planning, and informed judgment. 
650 |a Corporations,Tập đoàn 
650 |x Valuation,Định giá 
904 |i Hải 
980 |a Trung tâm Học liệu Trường Đại học Cần Thơ